| 000 | 01054nam a22003137a 4500 | ||
|---|---|---|---|
| 003 | CHAP | ||
| 005 | 20220329135101.0 | ||
| 008 | 971013s r 00010 d | ||
| 010 | _a30662 | ||
| 011 | _a31634 | ||
| 035 | _a35746 | ||
| 040 | _cCHAP | ||
| 090 | _aR-2032 | ||
| 100 | 0 | 0 |
_aMarín, Gildardo. _971527 |
| 245 | _aRespuesta de la avena forrajera a nitrógeno y fósforo en dos tiempos de corte, en la sabana de Bogotá | ||
| 500 | _aSobretiro de: Agricultura Tropical 15(5):307-320, 1959 | ||
| 590 |
_aBATCH-UPD _b10 _c20130110 _lUCH01 _h0011 |
||
| 590 |
_aBATCH-UPD _b10 _c20130110 _lUCH01 _h1947 |
||
| 590 |
_aBATCH-UPD _b10 _c20130409 _lUCH01 _h1948 |
||
| 590 |
_aBATCH-UPD _b10 _c20130410 _lUCH01 _h1309 |
||
| 590 |
_aBATCH-UPD _b10 _c20130914 _lUCH01 _h0435 |
||
| 590 |
_aCONVERSION _b10 _c20130109 _lUCH01 _h1317 |
||
| 650 | 1 | 4 |
_aAvena como forraje. _98556 |
| 650 | 1 | 4 |
_aFósforo _xEfecto en avena. _942216 |
| 650 | 1 | 4 |
_aNitrógeno _xEfecto en avena. _981410 |
| 901 | _aBK | ||
| 942 | _cREIMP | ||
| 949 |
_aR-2032 _bBC _cR _d-82653 _eTS1 _i35746 _si |
||
| 999 |
_c30662 _d30662 |
||